100 Biggest Cities of Ecuador on a Map - Statistics

General Stats
  • This quiz has been taken 56 times
  • The average score is 9 of 100
Answers on the Map
Answers color-coded by a green-red scale on the quiz's map according to % correct below.
 
Answer Stats
Population City % Correct
1,763,275 Quito
100%
2,650,288 Guayaquil
97%
361,524 Cuenca
64%
203,496 Loja
48%
155,487 Esmeraldas
42%
258,697 Manta
42%
177,316 Ambato
24%
35,066 Salinas
21%
288,072 Machala
18%
177,213 Riobamba
18%
77,267 Latacunga
15%
334,826 Santo Domingo de los Colorados
15%
295,211 Durán/Eloy Alfaro)
12%
157,941 Ibarra
12%
55,627 Nueva Loja/Lago Agrio)
12%
33,325 Puyo/Pastaza)
12%
18,948 Atacames
9%
56,021 Huaquillas
9%
41,718 Otavalo
9%
27,068 Pedernales
9%
244,129 Portoviejo
9%
177,792 Quevedo
9%
16,751 Salcedo/San Miguel)
9%
96,647 Sangolquí/Rumiñahui)
9%
56,842 Santa Rosa
9%
56,719 Tulcán
9%
21,524 Arenillas
6%
35,763 Azogues
6%
32,744 Balzar
6%
27,026 Catamayo
6%
44,559 Cayambe
6%
16,066 Chaupitena/Tena/Santa Isabel)
6%
46,438 Daule
6%
52,366 El Carmen
6%
41,042 El Triunfo
6%
13,843 Gualaceo/Santiago de Gualaceo)
6%
30,755 Guaranda
6%
28,397 Jaramijó
6%
45,382 Jipijapa
6%
116,593 La Aurora/San Antonio)
6%
35,474 La Concordia
6%
112,154 La Libertad
6%
22,398 Macas/Morona)
6%
159,970 Milagro
6%
39,323 Naranjal
6%
60,147 Pasaje
6%
18,482 Piñas
6%
48,156 Playas/General Villamil)
6%
30,886 Posorja
6%
16,152 Pujilí
6%
13,378 Ricaurte
6%
17,068 Samborondón
6%
28,491 San Lorenzo
6%
54,565 Santa Elena
6%
29,724 Tena
6%
15,033 Anconcito
3%
25,115 Atuntaqui/Antonio Ante)
3%
98,251 Babahoyo
3%
22,209 Bahía de Caráquez/Sucre)
3%
46,779 Buena Fé/San Jacinto de Buena Fé)
3%
20,011 Calceta/Bolivar)
3%
249,941 Calderón
3%
54,629 Chone
3%
121,984 Conocoto
3%
41,740 Cumbayá
3%
26,635 El Guabo
3%
13,571 El Salitre
3%
13,336 Guayllabamba
3%
35,833 José Luis Tamayo/Muey)
3%
16,023 La Joya de los Sachas
3%
31,740 La Maná
3%
55,357 La Puntilla
3%
39,600 La Troncal
3%
16,603 Lomas de Sargentillo
3%
24,188 Machachi
3%
71,066 Montecristi
3%
34,664 Naranjito
3%
24,882 Pedro Carbo
3%
28,724 Pomasqui
3%
51,281 Puerto Francisco de Orellana/Ciudad Coco)
3%
31,120 Rosa Zárate/Quinindé)
3%
45,380 San Antonio de Pichincha
3%
14,497 San Gabriel/Montúfar)
3%
16,328 Shushufindi
3%
70,789 Tumbaco
3%
41,778 Velasco Ibarra/El Empalme)
3%
41,531 Ventanas
3%
35,064 Vinces
3%
15,066 Virgen de Fátima
3%
22,972 Yaguachi/San Jacinto de Yaguachi)
3%
13,335 Yantzaza
3%
17,584 Zamora
3%
14,100 Baños de Agua Santa
0%
13,365 Izamba
0%
14,741 Llano Chico
0%
16,248 Montalvo
0%
13,626 San Antonio de Ibarra
0%
22,529 San Carlos
0%
15,356 Santo Domingo de Cutuglahua/Cutuglahua)
0%
22,996 Valencia
0%
No matching quizzes found
Score Distribution
Percent of People with Each Score
Percentile by Number Answered
Your Score History
You have not taken this quiz